000 00706nam a2200265Ia 4500
003 OSt
005 20221007110524.0
006 a|||||r|||| 00| 0
007 ta
008 221006b |||||||| |||| 00| 0 eng d
020 _a0132991152
024 _a21,277
037 _cTextual
040 _aLCO
_cLCO
_beng
041 _2eng
_aeng
082 _aY11:45, L2
100 _aBaali Fuad Ed.
_9707610
245 0 _aFaces of Delinquency
260 _aNew
_bJersey Prentice Hall U.S.A.
_c1972
300 _a420
650 _aDELIQUENCY
_9702846
700 _a Reed John P. Ed.
_9707611
942 _hY11:45, L2
_cTEXL
999 _c1190840
_d1190840